000 00247nam a2200121Ia 4500
008 190216s9999||||xx |||||||||||||| ||und||
100 _aG Aruldas
245 0 _aModern Physics
250 _aI
260 _bPhi
_c295
300 _a440
942 _cBK
999 _c30355
_d30355